Расчет листовых рессор парашютных устройств; Известия Сибирского Механико-Машиностроительного Института [Известия СММИ]; Т. 1 (52), вып. 1
| Parent link: | Известия Сибирского Механико-Машиностроительного Института [Известия СММИ]/ Сибирский механико-машиностроительный институт (СММИ).— , 1933-1934 Т. 1 (52), вып. 1.— 1933.— [С. 73-120] |
|---|---|
| Hovedforfatter: | |
| Summary: | Заглавие с титульного листа Электронная версия печатной публикации |
| Sprog: | russisk |
| Udgivet: |
1933
|
| Fag: | |
| Online adgang: | Черно-белая версия для предварительного просмотра Цветная версия без потери качества |
| Format: | MixedMaterials Electronisk Book Chapter |
| KOHA link: | https://koha.lib.tpu.ru/cgi-bin/koha/opac-detail.pl?biblionumber=181951 |
MARC
| LEADER | 00000nla2a2200000 4500 | ||
|---|---|---|---|
| 001 | 181951 | ||
| 005 | 20231101223645.0 | ||
| 035 | |a (RuTPU)RU\TPU\book\197233 | ||
| 035 | |a RU\TPU\book\197229 | ||
| 090 | |a 181951 | ||
| 100 | |a 20100615d1933 k y0rusy50 ca | ||
| 101 | 0 | |a rus | |
| 102 | |a RU | ||
| 135 | |a drnn ---uucaa | ||
| 181 | 0 | |a i | |
| 182 | 0 | |a b | |
| 200 | 1 | |a Расчет листовых рессор парашютных устройств |b Электронный ресурс |f В. К. Нечаев | |
| 203 | |a Текст |c электронный | ||
| 215 | |a 2 файла (2.5 Мб, 76.9 Мб) | ||
| 230 | |a Электронные текстовые данные (2 файла : 2.5 Мб, 76.9 Мб) | ||
| 300 | |a Заглавие с титульного листа | ||
| 300 | |a Электронная версия печатной публикации | ||
| 337 | |a Adobe Reader | ||
| 461 | 1 | |0 (RuTPU)RU\TPU\book\197225 |t Известия Сибирского Механико-Машиностроительного Института [Известия СММИ] |f Сибирский механико-машиностроительный институт (СММИ) |d 1933-1934 | |
| 463 | 1 | |0 (RuTPU)RU\TPU\book\197226 |t Т. 1 (52), вып. 1 |v [С. 73-120] |d 1933 |p 160 с. | |
| 610 | 1 | |a электронный ресурс | |
| 610 | 1 | |a труды учёных ТПУ | |
| 700 | 1 | |a Нечаев |b В. К. |c российский ученый в области тепловых двигателей |c профессор ТПИ |f 1906-1991 |g Вячеслав Константинович |2 stltpush |3 (RuTPU)RU\TPU\pers\21872 |9 9209 | |
| 801 | 1 | |a RU |b 63413507 |c 20090320 |g PSBO | |
| 801 | 2 | |a RU |b 63413507 |c 20101103 |g PSBO | |
| 856 | 4 | |u http://www.lib.tpu.ru/fulltext/v/Bulletin_TPU/1933/v1_52_i1/a4_bw.pdf |z Черно-белая версия для предварительного просмотра | |
| 856 | 4 | |u http://www.lib.tpu.ru/fulltext/v/Bulletin_TPU/1933/v1_52_i1/a4_full.pdf |z Цветная версия без потери качества | |
| 942 | |c CF | ||